| 000 | 01073cab a2200265 4500 | ||
|---|---|---|---|
| 001 | E2719 | ||
| 008 | 090401t1995 xxu||||| |||| 00| 0 eng d | ||
| 035 | _a(Sirsi) u40620 | ||
| 041 | _aeng | ||
| 245 | _aTrustees of the Tenth Duke of Argyll v Shareholders in Vaul Common Grazings | ||
| 260 | _c1995 | ||
| 350 | _a0 | ||
| 490 |
_aSLC _v1996 R 111-121(11) |
||
| 520 | _aFull Court. Lord Philip, DD McDiarmid, DM Macdonald. Appliations Strathclyde RNs 405 and 414 - orders of 8 August 1995. Common grazings - resumption - reasonable purpose - agreement between shareholders and golf club depriving crofters of rights - application for court`s approval - agreement binding on singular successors. | ||
| 650 | _aCOMMON GRAZINGS | ||
| 650 | _aCROFTERS (SCOTLAND) ACT 1993 SECTION 20 | ||
| 650 | _aCROFTERS (SCOTLAND) ACT 1993 SECTION 5 | ||
| 650 | _aCROFTERS (SCOTLAND) ACT 1993 | ||
| 650 | _aRESUMPTION | ||
| 650 | _aSCOTTISH LAND COURT | ||
| 650 | _aSLC | ||
| 690 | _aLANDLORD AND TENANT-CASE LAW-AGRICULTURAL TENANCIES | ||
| 942 | _n0 | ||
| 948 | _c04/03/1997 | ||
| 999 |
_c26029 _d26029 |
||